The four books of architecture (Record no. 114907)

MARC details
000 -LEADER
fixed length control field 00728cam a22001935a 4500
001 - CONTROL NUMBER
control field L157661
008 - FIXED-LENGTH DATA ELEMENTS--GENERAL INFORMATION
fixed length control field 130221s1738 xxk f 000 0 eng d
035 ## - SYSTEM CONTROL NUMBER
System control number (Sirsi) u157661
041 0# - LANGUAGE CODE
Language code of text/sound track or separate title eng
100 1# - MAIN ENTRY--PERSONAL NAME
Personal name Palladio, Andrea
Dates associated with a name 1508-1580
245 04 - TITLE STATEMENT
Title The four books of architecture
Remainder of title by Andrea Palladio. ... Literally translated from the original Italian, by Isaac Ware, ... all the plates being engraved by the author's own hand
260 ## - PUBLICATION, DISTRIBUTION, ETC.
Place of publication, distribution, etc. London
Name of publisher, distributor, etc. printed for R. Ware
Date of publication, distribution, etc. [1738?]
300 ## - PHYSICAL DESCRIPTION
Extent [12], 110p., plates
Other physical details ill.
Dimensions 2o
520 ## - SUMMARY, ETC.
Summary, etc. Letterpress titlepage in red and black.
583 ## - ACTION NOTE
Action Condition reviewed
Time/date of action 20120620
Status condition level 4
651 #4 - SUBJECT ADDED ENTRY--GEOGRAPHIC NAME
Geographic name International
690 ## - LOCAL SUBJECT ADDED ENTRY--TOPICAL TERM (OCLC, RLIN)
Topical term or geographic name as entry element Design and specification
942 ## - ADDED ENTRY ELEMENTS (KOHA)
Suppress in OPAC 0
Holdings
Withdrawn status Lost status Source of classification or shelving scheme Damaged status Not for loan Home library Current library Shelving location Date acquired Total Checkouts Full call number Barcode Date last seen Copy number Price effective from Koha item type
    Dewey Decimal Classification     Historic collection Historic collection Historic collection 21/02/2013   FOLIO 1738 PALLADIO 30078140 06/08/2019 1 06/08/2019 Book